000 01456nam a22003373i 4500
001 EBC31318100
003 MiAaPQ
005 20250129134842.0
007 cr cnu||||||||
008 250129s2024 xx o ||||0 ger d
020 _a9783867325851
_q(electronic bk.)
020 _z9783867324366
040 _aMiAaPQ
_beng
_cMiAaPQ
100 1 _aHochhuth, Gerhard.
_965602
245 1 0 _a»Ich habe kein 'Klassenbewusstsein' - Nur Menschenbewusstsein« :
_bRose und Bodo Schlösinger und Die Rote Kapelle.
250 _a1st ed.
264 1 _aBerlin :
_bLukas Verlag fur Kunst- und Geistesgeschichte,
_c2024.
264 4 _c{copy}2024.
300 _a1 online resource (397 pages)
336 _aText
_btxt
_2rdacontent
337 _aComputermedien
_bc
_2rdamedia
338 _aOnline Resource
_bcr
_2rdacarrier
490 1 _aFrauen Im Widerstand Gegen Den Nationalsozialismus Series ;
_vv.3
500 _aE-Book-ProQuest / Fernzugriff nach Registrierung möglich
655 _aFernzugriff
_9230
655 4 _aElectronic books.
776 0 8 _iPrint version:
_aHochhuth, Gerhard
_t»Ich habe kein 'Klassenbewusstsein' - Nur Menschenbewusstsein«
_dBerlin : Lukas Verlag fur Kunst- und Geistesgeschichte,c2024
_z9783867324366
830 0 _aFrauen Im Widerstand Gegen Den Nationalsozialismus Series
_965603
856 4 0 _uhttps://ebookcentral.proquest.com/lib/maxweberstiftung-ebooks/detail.action?docID=31318100
_zVolltext
942 _cEB
_2z
999 _c72056
_d72056